|
|
|
|
| LEADER |
00000nab a2200000 a 4500 |
| 001 |
vtls000502710 |
| 003 |
SK-MaSNL |
| 005 |
20260304095725.0 |
| 008 |
250425c1993 xo 0 slo |
| 015 |
|
|
|a SNBRB19rr/mm-uuuuu
|
| 035 |
|
|
|a CL0502848
|
| 035 |
|
|
|a urn:nbn:sk:snk-abf2af
|
| 035 |
|
|
|a (urnnbn)urn:nbn:sk:snk:ar-007gyd
|
| 035 |
|
|
|a (uuid)635b226f-3890-4689-9562-7dde4d39667b
|
| 040 |
|
|
|a SNKBUCL
|b slo
|c SNKBUCL
|e AACR2
|
| 041 |
0 |
|
|a slo
|
| 044 |
|
|
|a xo
|c SK
|
| 080 |
|
|
|a 694.14:674.028.1
|2 1981
|
| 080 |
|
|
|a 674.028.1
|2 1981
|
| 080 |
|
|
|a 624.011.1
|2 1981
|
| 080 |
|
|
|a 624.078.4
|2 1981
|
| 100 |
1 |
|
|a Sandanus, Jaroslav
|4 aut
|9 11144
|
| 245 |
1 |
0 |
|a Handwerkliche Holzverbindungen der Zimmerer
|c Jaroslav Sandanus
|
| 650 |
0 |
7 |
|a tesárstvo
|2 snkbucl
|9 3989
|
| 650 |
0 |
7 |
|a drevené spoje
|2 snkbucl
|9 363448
|
| 655 |
|
7 |
|a články z novín a časopisov
|2 snkbucl
|9 267496
|
| 700 |
1 |
|
|a Gerner, Manfred
|4 aut
|9 1393178
|
| 773 |
0 |
|
|t Inžinierske stavby
|g Roč. 41, č. 12 (1993), s. 435
|
| 787 |
0 |
8 |
|i Rec.:
|a Gerner, Manfred
|t Handwerkliche Holzverbindungen der Zimmerer
|d Stuttgart : Deutsche Verlags - Anstalt, 1992
|
| 850 |
|
|
|a Slovenská národná knižnica
|
| 852 |
|
|
|a Slovenská národná knižnica
|
| 954 |
|
|
|a odborná, vedecká literatúra pôvodná (slovenská)
|2 lita
|
| 958 |
|
|
|a article2022
|
| 958 |
|
|
|a RK
|
| 958 |
|
|
|a DE
|
| 958 |
|
|
|a OND
|
| 958 |
|
|
|a EUIPO
|
| 992 |
|
|
|a RBX
|
| 999 |
|
|
|c 2834101
|d 2836031
|